| 000 | 00478nam a2200193Ia 4500 | ||
|---|---|---|---|
| 005 | 20250603144933.0 | ||
| 008 | 250603s9999 xx 000 0 und d | ||
| 020 | _a9781496309082 | ||
| 050 | _aQP 301 .K73/ | ||
| 100 | _aKraemer, William J | ||
| 245 | 0 | _aExercise physiology: integrating theory and application | |
| 250 | _a2nd ed. | ||
| 260 | _aPhiladelphia | ||
| 260 | _bWolters Kluwer | ||
| 260 | _c2016 | ||
| 300 | _a525 p | ||
| 650 | _aPhiladelphia | ||
| 942 | _cBK | ||
| 999 |
_c40390 _d40390 |
||